| 000 | 00589nam a2200229Ia 4500 | ||
|---|---|---|---|
| 003 | BUBTL | ||
| 008 | 151213s9999 xx 000 0 und d | ||
| 020 | _a9788130912950 | ||
| 082 |
_a822.33/ Sh152r/ 2010 _b |
||
| 100 |
_aShakespeare _91990 |
||
| 245 |
_aRomeo and Juliet : _cShakespeare |
||
| 250 | _a1st Edn | ||
| 260 |
_aNew Delhi _bViva Books _cc2010 |
||
| 300 |
_a339p. : _b23 cm |
||
| 500 | _aIncludes Index | ||
| 650 | _aEnglish Literature | ||
| 650 | _a | ||
| 700 | _aShakespeare | ||
| 856 |
_k0 _l0 _yDownload |
||
| 942 |
_2ddc _cBK |
||
| 999 |
_c5032 _d5032 |
||